Welche Stadt in Sachsen-Anhalt? - Statistiken

Allgemein
  • Dieses Quiz wurde 2.550 mal gespielt
  • Das Durchschnittsergebnis liegt bei 8 aus 20
Antwortstatistiken
Beschreibung Buchstabe Stadt % Korrekt
Landeshauptstadt M Magdeburg
99%
Größte Stadt H Halle
92%
An das Eingangsportal der Schlosskirche dieser Stadt schlug Martin Luther im Jahr 1517 seine 95 Thesen an W Wittenberg
76%
Die größte deutsche Stadt mit diesem Anfangsbuchstaben Q Quedlinburg
73%
Diese Stadt ist bekannt durch die von stern TV produzierten Beiträge über die hier lebende Familie Ritter K Köthen
52%
Drittgrößte Stadt D Dessau-Roßlau
51%
Geburts- und Sterbeort Martin Luthers E Eisleben
40%
Das offizielle Stadtmotto dieser Stadt lautet "Die bunte Stadt am Harz" W Wernigerode
39%
Wahrzeichen dieser Mittelstadt im Süden von Sachsen-Anhalt ist ihr Dom in der mittelalterlichen Altstadt, der seit 2018 zum UNESCO-Weltkulturerbe gehört N Naumburg
38%
Größte Stadt sowie Verkehrsknotenpunkt in der Altmark in Sachsen-Anhalt S Stendal
38%
Diese Stadt wird auch "Tor zum Harz" genannt H Halberstadt
34%
Stadt inmitten der Magdeburger Börde, die für die 1997 erbaute Motorsport Arena bekannt ist O Oschersleben
34%
Dom- und Hochschulstadt an der Saale im südlichen Sachsen-Anhalt M Merseburg
29%
Älteste urkundlich erwähnte Stadt in Sachsen-Anhalt und ehemaliger Sitz des altsächsischen Hochadelsgeschlechts der Askanier A Aschersleben
19%
Hier befindet sich das Europa-Rosarium mit der nach Angaben des Betreibers größten Rosensammlung der Welt S Sangerhausen
16%
Nach Berlin und Hamburg die der Fläche nach drittgrößte Stadt Deutschlands G Gardelegen
15%
Hier findet man das Schloss Neu-Augustusburg W Weißenfels
13%
Stadt im Kyffhäusergebirge, die unmittelbar an der Talsperre an der Helme liegt K Kelbra
12%
Größte Stadt am Geiseltalsee B Braunsbedra
8%
Geburtsort und Wiege des weltweiten Kalibergbaus S Staßfurt
7%
Keine übereinstimmenden Quizze gefunden
Verteilung der Resultate
Anzahl Personen mit jedem Resultat
Perzentil nach korrekt beantworteten Fragen
Ihre Resultats-Entwicklung
Sie haben dieses Quiz noch nicht gespielt